000 00602nam a2200241 a 4500
001 nice12345678
003 IN_TiNIC
005 20260116015048.0
008 050524s1993 ahma grp 000 0 tel
020 _a
_c20
082 0 0 _a923.2
_bMUR
100 _aMurthy, Radhakrishna
245 _aAatma Katha, Leka Satyashodhana
260 _aAhmedabad
_bNavjivan Pub.House
_c1993
300 _a429p
500 _aincludes index and biblioraphy
505 2 _aAppendices
650 _aGandhi M K-Biography
700 1 _aMurthy, Radhakrishna
902 _bSRS
942 _cBK
999 _c18152
_d18152